Salud y arquitectura en México /

Obra que da cuenta de las grandes transformaciones que han sufrido los centros hospitalarios en México, de la época virreinal a nuestros días, tanto en términos de su concepción arquitectónica, como de su perfil médico y operativo, que transitó del cobijo de la caridad, a la concepción de la salud p...

Fuld beskrivelse

Guardado en:
Bibliografiske detaljer
Hovedforfatter: Alvarez Noguera, José Rogelio (coord. editorial)
Andre forfattere: Cortés Rocha, Xavier (texto) (texto), Muriel, Josefina (texto) (texto), Mijares y Mijares, José Manuel (texto) (texto), Vargas Salguero, Ramón (texto) (texto), Dahlhaus, Dolores (fotógrafo) (fotógrafo), Leal, Felipe (introducción) (introducción), Fuente, Juan Ramón de la (presentación) (presentación), Barnés de Castro, Francisco (presentación) (presentación)
Format: Bog
Sprog:spansk
Udgivet: México : UNAM, Facultad de Arquitectura : Secretaría de Salud 1998, c1998
Fag:
Tags: Tilføj Tag
Ingen Tags, Vær først til at tagge denne postø!

MARC

LEADER 00000nam^a2200000^a^4500
001 000302793
005 20250521000000.0
008 100817 19981998
009 20260310112628.718
020 |a 968-36-6393-1 
037 |a Acervo ITESO - Biblioteca 
041 |a ESP 
082 |a 720. 972  |b ALV 
100 |a Alvarez Noguera, José Rogelio  |e (coord. editorial) 
245 1 0 |a Salud y arquitectura en México /  |c Coord. editorial de J.R. Alvarez Noguera ; texto de X. Cortés Rocha, J. Muriel, J.M. Mijares y Mijares, R. Vargas Salguero ; fotografía de D. Dahlhaus ; introd. de F. Leal ; presen. de J.R. de la Fuente, F. Barnés de Castro. 
264 4 |a México :  |b UNAM, Facultad de Arquitectura :  |b Secretaría de Salud  |c 1998, c1998 
300 |a 189 p. 
336 |a texto  |b txt  |2 rdacontenido 
337 |a sin mediación  |b n  |2 rdamedio 
338 |a volumen  |b nc  |2 rdasoporte 
520 |a Obra que da cuenta de las grandes transformaciones que han sufrido los centros hospitalarios en México, de la época virreinal a nuestros días, tanto en términos de su concepción arquitectónica, como de su perfil médico y operativo, que transitó del cobijo de la caridad, a la concepción de la salud pública como un bien que debe ser garantizado por el Estado. 
649 |a XX 
650 |a Hospitales -  |z México -  |x Tema Principal 
650 |a Hospitales -  |z México -  |x Historia 
650 |a Salud Pública -  |z México -  |x Historia 
650 |a Política y Salud Pública -  |z México -  |x Historia 
650 |a Arquitectura de la Salud -  |z México -  |x Tema Principal 
650 |a Arquitectura y Sociedad -  |z México 
650 |a Arquitectura Mexicana -  |x Historia y Crítica 
650 |a Arte y Sociedad -  |z México 
650 |a Arte Mexicano -  |x Historia y Crítica 
650 |a México -  |x Historia 
700 |a Cortés Rocha, Xavier  |e (texto) 
700 |a Muriel, Josefina  |e (texto) 
700 |a Mijares y Mijares, José Manuel  |e (texto) 
700 |a Vargas Salguero, Ramón  |e (texto) 
700 |a Dahlhaus, Dolores  |e (fotógrafo) 
700 |a Leal, Felipe  |e (introducción) 
700 |a Fuente, Juan Ramón de la  |e (presentación) 
700 |a Barnés de Castro, Francisco  |e (presentación) 
910 |a Fondo General 
920 |a Impresos - Libros 
930 |a Reserva Especial 
905 |a 103 
901 |a 0500188613  |b IT1  |c REE  |i C122692  |u 20250521 
902 |a https://opac.biblio.iteso.mx/vufind/Record/000302793